BUSINESS ENGLISH DICTIONARY (Record no. 5532)
[ view plain ]
| 000 -LEADER | |
|---|---|
| fixed length control field | 00298nam a2200121Ia 4500 |
| 008 - FIXED-LENGTH DATA ELEMENTS--GENERAL INFORMATION | |
| fixed length control field | 240624s9999 xx 000 0 und d |
| 041 ## - LANGUAGE CODE | |
| Language code of text/sound track or separate title | eng |
| 082 ## - DEWEY DECIMAL CLASSIFICATION NUMBER | |
| Classification number | 413 LON |
| 100 ## - MAIN ENTRY--PERSONAL NAME | |
| Personal name | LONGMAN |
| 245 ## - TITLE STATEMENT | |
| Title | BUSINESS ENGLISH DICTIONARY |
| 260 ## - PUBLICATION, DISTRIBUTION, ETC. | |
| Date of publication, distribution, etc. | 2001 |
| Place of publication, distribution, etc. | London |
| Name of publisher, distributor, etc. | Peter Collins |
| 300 ## - PHYSICAL DESCRIPTION | |
| Extent | 454 : p. : cm. ; 30 |
| Withdrawn status | Lost status | Damaged status | Not for loan | Home library | Current library | Shelving location | Date acquired | Full call number | Barcode | Date last seen | Price effective from | Koha item type |
|---|---|---|---|---|---|---|---|---|---|---|---|---|
| IMTN | IMTN | Rack 15-B | 07/24/2007 | 413 LON | 5532 | 06/24/2024 | 06/24/2024 | Books |